| 000 | 01111nam a2200337 i 4500 | ||
|---|---|---|---|
| 999 |
_c65664 _d65664 |
||
| 001 | 768714001 | ||
| 003 | CO-MdFUSB | ||
| 005 | 20200626171853.0 | ||
| 007 | ta | ||
| 008 | 200406t1996 -ru |||| |||| 00| 0 eng d | ||
| 020 | _a 9781885767226 | ||
| 040 |
_aCO-MdFUSB _bspa _cCO-MdFUSB _dCO-MdFUSBC _erda |
||
| 041 | _aeng | ||
| 082 |
_223 _a236 _bD261 |
||
| 100 |
_aDavis, John Jefferson. _eautor |
||
| 245 | 1 | 4 |
_aThe victory of Christ's kingdom : _ban introduction to postmillennialism _c/ John Jefferson Davis |
| 264 | 1 |
_aMoscow : _bCanon Press, _c[1996] |
|
| 264 | 4 | _c© 1996 | |
| 300 |
_a95 pàginas _c; 22 cm |
||
| 336 |
_2rdacontent _atexto _btxt |
||
| 337 |
_2rdamedia _asin mediación _bn |
||
| 338 |
_2rdacarrier _avolumen _bnc |
||
| 500 | _aColección Dawn Christina Harrell | ||
| 505 | _aEl testigo del Antiguo Testamento. -- El testigo del Nuevo Testamento. -- Textos contrarios en el Nuevo Testamento. -- Resumen y conclusiones. | ||
| 563 | _aRùstico | ||
| 650 | 7 |
_9213 _aEscatología |
|
| 653 | _aMilenialismo | ||
| 942 | _cBK | ||
| 945 |
_aJTF-925 _bAEM-53 |
||